[Event "40th Asia-ch U20"]
[Site "Ulaanbaatar MGL"]
[Date "2018.08.19"]
[Round "1"]
[White "Ochirbat, Lkhagvajamts"]
[Black "Yakubboev, Nodirbek"]
[Result "0-1"]
[WhiteElo "2007"]
[BlackElo "2512"]
[EventDate "2018.08.19"]
[PlyCount "0"]

1.d4 d6 2.Nf3 g6 3.g3 Bg7 4.Bg2 f5 5.O-O Nf6 6.c4 O-O 7.Nc3 Qe8 8.Qc2 Nc6 
9.a3 e5 10.dxe5 dxe5 11.e4 Qf7 12.Qe2 Nd4 13.Qd3 fxe4 14.Nxe4 Nxe4 15.Nxe5
Bxe5 16.Qxe4 Bg7 17.Be3 Re8 18.Qd5 c6 19.Qxf7+ Kxf7 20.Rad1 Nf5 21.Bc1 Be6
22.b3 Rad8 23.Bg5 Bf6 24.Bf4 Rxd1 25.Rxd1 Rd8 26.Rxd8 Bxd8 27.Bb8 a6 28.
Be5 Bf6 29.Bf4 Nd4 30.b4 Ne2+ 31.Kf1 Nxf4 32.gxf4 Bxc4+ 33.Ke1 Bb2 34.Kd2 
Bxa3 35.Kc3 Bd5 36.Bf1 b5 37.Bd3 c5 38.bxc5 Bxc5 39.f5 g5 40.f6 h5 41.Be2 
g4 42.Kd2 Bxf2 43.Bd3 h4 44.Bf5 g3 45.hxg3 hxg3 46.Ke2 Bc5 47.Bh3 g2 48.
Bxg2 Bxg2 49.Kd2 b4 50.Kc2 Bd5 51.Kb2 Bd4+ 52.Kb1 b3 53.Kc1 Bc3 54.Kb1 
Be4+ 55.Kc1 b2+ 56.Kd1 b1=Q+ 0-1

[Event "40th Asia-ch U20"]
[Site "Ulaanbaatar MGL"]
[Date "2018.08.19"]
[Round "1"]
[White "Priasmoro, Novendra"]
[Black "Chinguun, Otgonbayar"]
[Result "1-0"]
[WhiteElo "2485"]
[BlackElo "1952"]
[EventDate "2018.08.19"]
[PlyCount "0"]

1.e4 e6 2.d4 d5 3.Nc3 Bb4 4.e5 c5 5.Bd2 a6 6.a3 Bxc3 7.bxc3 Qc7 8.Qg4 f5 
9.Qg3 g6 10.h4 Ne7 11.Bd3 Nbc6 12.Nf3 c4 13.Be2 Bd7 14.h5 O-O-O 15.h6 Rdf8
16.Rh4 Nd8 17.Bg5 Ba4 18.Bf6 Rxf6 19.exf6 Qxg3 20.fxg3 Ng8 21.Ng5 Nxf6 22.
Kd2 Re8 23.g4 Bd7 24.Rf1 Kc7 25.Rh3 b5 26.Rhh1 Kd6 27.Bf3 Re7 28.gxf5 exf5
29.Re1 Ne6 30.Nxe6 Rxe6 31.Rxe6+ Kxe6 32.Re1+ Kd6 33.Ke3 g5 34.g3 Be6 35.
Kf2 Ng8 36.Rh1 Nf6 37.Ke3 Bd7 38.Bh5 Ke7 39.Bf3 Kd6 40.Rb1 Ke7 41.Kd2 Kd6 
42.Re1 Be6 43.Ra1 Bd7 44.Rb1 Ke7 45.Re1+ Kd6 46.Re5 Be6 47.g4 fxg4 48.Bg2 
Ng8 49.Rxg5 Nxh6 50.Rh5 Nf5 51.Rxh7 a5 52.Ra7 b4 53.axb4 axb4 54.cxb4 Nxd4
55.c3 Nb5 56.Rb7 Kc6 57.Rg7 Kd6 58.Rg5 Nc7 59.Bf1 Ne8 60.Ke3 Nf6 61.Bg2 
Ne8 62.Bf1 Nf6 63.Rg6 Ne4 64.b5 Ke5 65.b6 Bc8 66.Rg8 Bb7 67.Rg7 Bc6 68.b7 
Bxb7 69.Rxb7 Nxc3 70.Re7+ Kd6 71.Rg7 Kc5 72.Rxg4 d4+ 73.Rxd4 Nd5+ 74.Ke4 
1-0

[Event "40th Asia-ch U20"]
[Site "Ulaanbaatar MGL"]
[Date "2018.08.19"]
[Round "1"]
[White "Krishna Teja, N"]
[Black "Amilal, Munkhdalai"]
[Result "1/2-1/2"]
[WhiteElo "2389"]
[BlackElo "1790"]
[EventDate "2018.08.19"]
[PlyCount "0"]

1.d4 Nf6 2.c4 e6 3.g3 d5 4.Nf3 dxc4 5.Bg2 Nc6 6.Qa4 Bd7 7.Qxc4 Rc8 8.Bd2 
Ne4 9.O-O Nxd2 10.Nbxd2 Na5 11.Qc3 c5 12.dxc5 Rxc5 13.Qe3 Rc8 14.Ne4 Qb6 
15.Qf4 Nc6 16.Nfg5 f5 17.Nd6+ Bxd6 18.Qxd6 Qc7 19.Rfd1 Qxd6 20.Rxd6 Ke7 
21.Rad1 Rc7 22.Bxc6 bxc6 23.b3 h6 24.Nf3 Rb8 25.Ne5 Be8 26.R6d3 Rb5 27.f4 
Rd5 28.Kf2 Rb7 29.Rc1 Rxd3 30.Nxd3 Rb5 31.Ke3 Kd6 32.b4 a5 33.a4 Rd5 34.
bxa5 Rxa5 35.Nb2 Kc7 36.Kd4 Rd5+ 37.Kc3 c5 38.Nc4 Bxa4 39.Ra1 Bb5 40.Ra7+ 
Kd8 41.Rxg7 Bxc4 42.Kxc4 Rd2 43.Kxc5 Ke8 44.e3 Kf8 45.Rg6 Kf7 46.Rxh6 Rd3 
47.Rh7+ Kf6 48.Rh6+ Kf7 49.Kc4 Rxe3 50.Kd4 Ra3 51.Rh7+ Kf6 52.Rc7 Ra2 53.
h3 Rg2 54.Rc3 Rg1 55.Rf3 Rg2 56.Kd3 Kg6 57.Kc4 Kf6 58.Re3 Rc2+ 59.Kd4 Rd2+
60.Rd3 Rg2 61.Kc5 Rc2+ 62.Kd6 Rc8 63.Kd7 Ra8 64.Rc3 Ra7+ 65.Kd6 Ra1 66.Rd3
Ra6+ 67.Kc5 Ra5+ 68.Kd4 e5+ 69.Ke3 exf4+ 70.gxf4 Ra6 71.h4 Kg6 72.Ke2 Ra4 
73.Rg3+ Kf6 74.Kf3 Ra3+ 75.Kg2 Rxg3+ 76.Kxg3 Kg6 77.Kf3 Kh5 78.Kg3 Kg6 79.
Kf3 Kh5 80.Ke3 Kxh4 81.Kd4 Kg3 82.Ke3 Kg4 83.Ke2 Kxf4 84.Kf2 1/2-1/2

[Event "40th Asia-ch U20"]
[Site "Ulaanbaatar MGL"]
[Date "2018.08.19"]
[Round "1"]
[White "Erdemdalai, Yondonjamts"]
[Black "Tugstumur, Yesuntumur"]
[Result "0-1"]
[WhiteElo "1788"]
[BlackElo "2361"]
[EventDate "2018.08.19"]
[PlyCount "0"]

1.e4 c5 2.Nf3 e6 3.d4 cxd4 4.Nxd4 Nc6 5.Nc3 Qc7 6.Be3 a6 7.Bd3 Nf6 8.O-O 
Nxd4 9.Bxd4 Bc5 10.Be2 e5 11.Bxc5 Qxc5 12.Qd3 b5 13.b4 Qxb4 14.a4 Bb7 15.
axb5 axb5 16.Rab1 Qe7 17.Nxb5 O-O 18.Nd6 Bc6 19.f4 Ra4 20.c4 Ne8 21.Nf5 
Qc5+ 22.Kh1 Ra3 23.Qc2 Nf6 24.Ng3 Re8 25.fxe5 Qxe5 26.Bf3 h5 27.Qb2 Qxb2 
28.Rxb2 h4 29.Nf5 h3 30.Nd6 hxg2+ 31.Kxg2 Rea8 32.Re1 g6 33.Rf2 Rd3 34.Nb5
Nh7 35.h4 Ra4 36.Ref1 Rb4 37.Na7 Bb7 38.Kg1 Rbb3 39.Bg2 0-1

[Event "40th Asia-ch U20"]
[Site "Ulaanbaatar MGL"]
[Date "2018.08.19"]
[Round "1"]
[White "Suleymenov, Alisher"]
[Black "Khuslen, Altan-Ochir"]
[Result "1-0"]
[WhiteElo "2343"]
[BlackElo "1780"]
[EventDate "2018.08.19"]
[PlyCount "0"]

1.d4 d5 2.c4 c6 3.Nf3 Nf6 4.Nc3 dxc4 5.e3 b5 6.a4 b4 7.Na2 e6 8.Bxc4 Nbd7 
9.O-O Be7 10.Bd2 a5 11.Nc1 O-O 12.Nb3 Bb7 13.Rc1 Nb6 14.Be2 Nxa4 15.Ra1 
Nb6 16.Qc2 a4 17.Nc5 Bxc5 18.dxc5 a3 19.Bxb4 Nfd5 20.Bxa3 Na4 21.Bc4 Qf6 
22.e4 Nf4 23.Bb3 Nc3 1-0

[Event "40th Asia-ch U20"]
[Site "Ulaanbaatar MGL"]
[Date "2018.08.19"]
[Round "1"]
[White "Erkhes, Bayartnar"]
[Black "Chinguun, Bayaraa"]
[Result "1-0"]
[WhiteElo "1762"]
[BlackElo "1941"]
[EventDate "2018.08.19"]
[PlyCount "0"]

1.e4 c5 2.Nf3 d6 3.Bb5+ Nd7 4.d4 cxd4 5.Qxd4 a6 6.Bxd7+ Bxd7 7.O-O e5 8.
Qd3 h6 9.c4 Nf6 10.Nc3 Be6 11.b3 Be7 12.Rd1 O-O 13.Bb2 Qb6 14.Rac1 Rac8 
15.Na4 Qc6 16.Nd2 b6 17.Nc3 Nd7 18.Ba3 Rfd8 19.Nd5 Bf8 20.Nf1 Qb7 21.Nfe3 
g6 22.f3 Kg7 23.Kf2 b5 24.Qe2 Nb8 25.Bb2 Nc6 26.Kg1 bxc4 27.Nxc4 Bxd5 28.
Rxd5 Nb4 29.Rd2 Nxa2 30.Rcd1 Kg8 31.Kh1 Qxb3 32.Nxe5 Nc3 33.Bxc3 Qxc3 34.
Ng4 a5 35.e5 h5 36.Nf6+ Kh8 37.f4 Bg7 38.Ne4 Qb4 39.Nxd6 Kh7 40.Nxc8 Rxc8 
41.f5 Re8 42.fxg6+ fxg6 43.Rd7 a4 44.e6 Qb2 45.Qe5 1-0

[Event "40th Asia-ch U20"]
[Site "Ulaanbaatar MGL"]
[Date "2018.08.19"]
[Round "1"]
[White "Gan-Erdene, Sugar"]
[Black "Batbold, Nyamsuren"]
[Result "1-0"]
[WhiteElo "2309"]
[BlackElo "1759"]
[EventDate "2018.08.19"]
[PlyCount "0"]

1.e4 e6 2.d4 d5 3.Nd2 dxe4 4.Nxe4 Nf6 5.Bg5 Be7 6.Bxf6 Bxf6 7.Nf3 Nd7 8.
Bd3 c5 9.O-O O-O 10.dxc5 Bxb2 11.Rb1 Bf6 12.Bb5 Be7 13.Bxd7 Bxd7 14.Ne5 
Bc6 15.Nxc6 bxc6 16.Rb7 Qd5 17.Qg4 f5 18.Qg3 Qxe4 19.Rxe7 Rf7 20.Rxf7 Kxf7
21.Qc7+ Kg8 22.h3 Rf8 23.Qxa7 f4 24.Qe7 f3 25.g3 Qf5 26.Kh2 Qd5 27.Re1 Ra8
28.g4 h6 29.Qxe6+ Qxe6 30.Rxe6 Ra7 31.Rxc6 1-0

[Event "40th Asia-ch U20"]
[Site "Ulaanbaatar MGL"]
[Date "2018.08.19"]
[Round "1"]
[White "Azhigulov, Nurmat"]
[Black "Agibileg, Uurtsaikh"]
[Result "0-1"]
[WhiteElo "1721"]
[BlackElo "2302"]
[EventDate "2018.08.19"]
[PlyCount "0"]

1.e4 c5 2.Nf3 e6 3.d4 cxd4 4.Nxd4 Nc6 5.Nc3 a6 6.a3 Qc7 7.Be2 Nf6 8.O-O 
Bd6 9.h3 Be7 10.Bg5 O-O 11.Nxc6 bxc6 12.Bd3 d5 13.Qe2 h6 14.Bd2 Re8 15.Qf3
Bb7 16.Rfe1 c5 17.b3 c4 18.bxc4 dxc4 19.Bf1 Red8 20.Qe2 Rac8 21.e5 Nh7 22.
f4 Nf8 23.Red1 Ng6 24.Ne4 c3 25.Be1 Nxf4 26.Rxd8+ Rxd8 27.Qe3 Qxe5 28.Bg3 
Nxh3+ 29.gxh3 Qxe4 30.Qxe4 Bxe4 0-1

[Event "40th Asia-ch U20"]
[Site "Ulaanbaatar MGL"]
[Date "2018.08.19"]
[Round "1"]
[White "Baasansuren, Erdene"]
[Black "Taivanbat, Chimeddorj"]
[Result "1-0"]
[WhiteElo "2240"]
[BlackElo "1691"]
[EventDate "2018.08.19"]
[PlyCount "0"]

1.d4 d5 2.c4 e6 3.Nf3 Nf6 4.g3 Be7 5.Bg2 O-O 6.O-O dxc4 7.Qc2 c5 8.Qxc4 
cxd4 9.Nxd4 e5 10.Nb3 Na6 11.Nc3 Qc7 12.Qxc7 Nxc7 13.Be3 Ng4 14.Bc5 Bxc5 
15.Nxc5 Rb8 16.Rfd1 Nf6 17.N3e4 Nxe4 18.Bxe4 Ne6 19.Rac1 b6 20.Nd3 f6 21.
Bd5 Kh8 22.Rxc8 Rbxc8 23.Bxe6 Rc2 24.e4 Rd8 25.Bd5 g6 26.Kf1 Kg7 27.Ke1 f5
28.Bb3 Rc7 29.exf5 Kf6 30.fxg6 hxg6 31.h4 Rd4 32.Ke2 a5 33.Ne1 Re4+ 34.Kf3
Rb4 35.Rd6+ Kg7 36.Ke3 a4 37.Nc2 Rxb3+ 38.axb3 Rxc2 39.bxa4 Rxb2 40.Re6 
Rb4 41.Rxe5 Rxa4 42.Rb5 Ra6 43.Kf4 Kf6 44.Kg4 Kf7 45.f4 Kg7 46.Rb4 Kh6 47.
Rb1 Kg7 48.Rb5 Kh6 49.Rb3 Kg7 50.h5 gxh5+ 51.Kxh5 Ra5+ 52.Kg4 b5 53.Rb4 
Kg6 54.Rb1 Kf6 55.Rh1 Ke6 56.f5+ Kf6 57.Rh6+ Ke5 58.Re6+ Kd5 59.Rb6 Kc5 
60.Rb8 b4 61.f6 Ra7 62.Kf5 Kc4 63.Kg6 Ra3 64.g4 Rf3 65.f7 b3 66.f8=Q 1-0

[Event "40th Asia-ch U20"]
[Site "Ulaanbaatar MGL"]
[Date "2018.08.19"]
[Round "1"]
[White "Azjargal, Erdenebat"]
[Black "Amartuvshin, Ganzorig"]
[Result "0-1"]
[WhiteElo "1564"]
[BlackElo "2236"]
[EventDate "2018.08.19"]
[PlyCount "0"]

1.e4 c5 2.Nf3 e6 3.d4 cxd4 4.Nxd4 Nc6 5.Nb3 Nf6 6.Bd3 Bb4+ 7.c3 Be7 8.O-O 
O-O 9.f4 e5 10.Bc2 d6 11.Qe1 exf4 12.Bxf4 Nh5 13.Be3 Ne5 14.Nd4 Ng4 15.Nf5
Bxf5 16.Rxf5 g6 17.Rf3 Bh4 18.Qe2 Bg5 19.Bxg5 Qxg5 20.Qd2 Qe7 21.Na3 Ne5 
22.Rh3 Rad8 23.Rf1 d5 24.Qe2 d4 25.cxd4 Rxd4 26.Bb3 Rfd8 27.Bd5 Qg5 28.Qe3
Qxe3+ 29.Rxe3 Rd7 30.Rc3 Kg7 31.Nc2 0-1

[Event "40th Asia-ch U20"]
[Site "Ulaanbaatar MGL"]
[Date "2018.08.19"]
[Round "1"]
[White "Tengis, Tsog-Ochir"]
[Black "Anand, Batsukh"]
[Result "1-0"]
[WhiteElo "2186"]
[BlackElo "1682"]
[EventDate "2018.08.19"]
[PlyCount "0"]

1.d4 Nf6 2.c4 g6 3.Nc3 Bg7 4.e4 d6 5.f3 O-O 6.Be3 e5 7.d5 c6 8.Qd2 cxd5 9.
cxd5 Nbd7 10.Bd3 a6 11.a4 Nh5 12.Nge2 Nf4 13.Nxf4 exf4 14.Bxf4 Nc5 15.Bc2 
Qb6 16.Rb1 Nd7 17.Be3 Qc7 18.Bh6 Bxh6 19.Qxh6 b5 20.Rc1 b4 21.Ne2 Qb6 22.
Qd2 Nc5 23.h4 a5 24.b3 Ba6 25.h5 Rae8 26.Ng3 Qd8 27.Qh6 Qe7 28.Rh3 Bc8 29.
Rh1 Qe5 30.Kf2 g5 31.Nf5 Bxf5 32.Qxg5+ Kh8 33.Qxf5 Qxf5 34.exf5 Re5 35.
Rcd1 Rc8 36.f4 Ree8 37.Rd2 Nd7 38.Re1 Rxe1 39.Kxe1 Nf6 40.Bd1 Rc1 41.h6 
Ng4 42.Re2 Nxh6 43.f6 Rc8 44.Re7 Kg8 45.g4 Kf8 46.g5 Ng8 47.Rd7 Ke8 48.Bg4
Rc1+ 49.Kd2 Rh1 50.Bf5 1-0

[Event "40th Asia-ch U20"]
[Site "Ulaanbaatar MGL"]
[Date "2018.08.19"]
[Round "1"]
[White "Ulziikhishig, Khishigbat"]
[Black "Garidmagnai, Byambasuren"]
[Result "0-1"]
[WhiteElo "1517"]
[BlackElo "2128"]
[EventDate "2018.08.19"]
[PlyCount "0"]

1.d4 Nf6 2.c4 g6 3.Nc3 Bg7 4.e4 d6 5.f4 O-O 6.Nf3 c5 7.d5 e6 8.Bd3 exd5 9.
cxd5 Bg4 10.O-O Nbd7 11.h3 Bxf3 12.Qxf3 a6 13.a4 Rb8 14.Kh2 Re8 15.Re1 Qc7
16.Be3 Nh5 17.Rac1 Qa5 18.Bd2 b5 19.axb5 axb5 20.Ra1 Qb4 21.Rab1 c4 22.Be2
Nc5 23.Bf1 Nb3 24.Bc1 Nxc1 25.Rexc1 Nxf4 26.Kh1 Be5 27.b3 cxb3 28.Na2 Qd4 
29.Rxb3 Nh5 30.g4 Ng3+ 31.Kg2 Qd2+ 32.Qf2 Nxe4 33.Qxd2 Nxd2 34.Rxb5 Nxf1 
35.Rxb8 Ne3+ 36.Kf3 Rxb8 37.Kxe3 0-1

[Event "40th Asia-ch U20"]
[Site "Ulaanbaatar MGL"]
[Date "2018.08.19"]
[Round "1"]
[White "Itgelt, Khuyagtsogt"]
[Black "Tenuunbold, Battulga"]
[Result "1-0"]
[WhiteElo "2119"]
[BlackElo "1469"]
[EventDate "2018.08.19"]
[PlyCount "0"]

1.d4 d5 2.Nf3 c6 3.g3 Nf6 4.Bg2 e6 5.c4 dxc4 6.O-O Nbd7 7.a4 Bd6 8.Nbd2 
O-O 9.Nxc4 Bc7 10.Qc2 Rb8 11.Rd1 Qe7 12.b3 Rd8 13.Ba3 Qe8 14.Nd6 Bxd6 15.
Bxd6 Ra8 16.Bc7 Nb6 17.Bxd8 Qxd8 18.e4 Bd7 19.Ne5 Rc8 20.a5 Na8 21.Qc5 a6 
22.Nc4 Nc7 23.Nb6 Rb8 24.d5 exd5 25.exd5 cxd5 26.Bxd5 Ncxd5 27.Nxd5 Kh8 
28.Nxf6 Qxf6 29.Qd6 Qxd6 30.Rxd6 Bc6 31.Rad1 g6 32.Rd8+ Rxd8 33.Rxd8+ Kg7 
34.f4 Kf6 35.g4 Bb5 36.Kf2 h6 37.Rb8 Bc6 38.Ke3 Bd5 39.b4 Bc6 40.h4 Bd5 
41.Rh8 Kg7 42.Rd8 Bc6 43.g5 hxg5 44.hxg5 f6 45.Kd4 Kf7 46.Rd6 fxg5 47.fxg5
Be8 48.Ke5 Ke7 1-0

[Event "40th Asia-ch U20"]
[Site "Ulaanbaatar MGL"]
[Date "2018.08.20"]
[Round "2"]
[White "Yakubboev, Nodirbek"]
[Black "Baasansuren, Erdene"]
[Result "1-0"]
[WhiteElo "2512"]
[BlackElo "2240"]
[EventDate "2018.08.19"]
[PlyCount "0"]

1.c4 Nf6 2.d4 g6 3.g3 Bg7 4.Bg2 O-O 5.Nc3 d6 6.Nf3 Nc6 7.O-O a6 8.b3 Rb8 
9.d5 Na5 10.Bg5 h6 11.Bd2 c5 12.dxc6 bxc6 13.c5 dxc5 14.Rc1 c4 15.Bf4 Qxd1
16.Rfxd1 Rb7 17.b4 Rxb4 18.Bc7 Nb7 19.Ne5 Nd5 20.Nxd5 cxd5 21.Bxd5 Bxe5 
22.Bxe5 1-0

[Event "40th Asia-ch U20"]
[Site "Ulaanbaatar MGL"]
[Date "2018.08.20"]
[Round "2"]
[White "Amartuvshin, Ganzorig"]
[Black "Priasmoro, Novendra"]
[Result "0-1"]
[WhiteElo "2236"]
[BlackElo "2485"]
[EventDate "2018.08.19"]
[PlyCount "0"]

1.d4 Nf6 2.c4 g6 3.Nc3 Bg7 4.e4 d6 5.Be2 O-O 6.Nf3 e5 7.O-O Na6 8.Be3 c6 
9.d5 c5 10.Ne1 Ne8 11.Nd3 f5 12.f3 Nf6 13.Rb1 b6 14.a3 Qe7 15.b4 Bd7 16.
bxc5 dxc5 17.a4 Ne8 18.a5 Nd6 19.Bf2 Rfb8 20.exf5 gxf5 21.f4 e4 22.Ne5 Nb4
23.Na4 Bxe5 24.fxe5 Qxe5 25.Bg3 Qe7 26.Bf4 Nf7 27.Nc3 Rf8 28.Rxb4 cxb4 29.
d6 Qf6 30.Nd5 Qg7 31.Ne7+ Kh8 32.Qd5 Rac8 33.Nxc8 Rxc8 34.Be3 Qg6 35.axb6 
axb6 36.c5 bxc5 37.Bc4 Kg7 38.Bf4 h5 39.Ra1 e3 40.Ra7 e2 41.Bg3 f4 42.Be1 
Rd8 43.Bxe2 Re8 44.Bxh5 Rxe1+ 45.Kf2 Re5 46.Qxf7+ Qxf7 47.Bxf7 Kxf7 48.
Rxd7+ Ke6 49.Rd8 Rd5 50.Kf3 Rxd6 51.Rb8 Ke5 52.h4 Rd3+ 53.Kf2 Kf5 54.Rg8 
Rg3 55.Rd8 Rc3 56.h5 Kg5 57.Rd5+ Kh6 58.Ke2 b3 59.Kd2 Rc2+ 60.Kd1 c4 61.
Rc5 Rxg2 0-1

[Event "40th Asia-ch U20"]
[Site "Ulaanbaatar MGL"]
[Date "2018.08.20"]
[Round "2"]
[White "Batsuren, Dambasuren"]
[Black "Tengis, Tsog-Ochir"]
[Result "1-0"]
[WhiteElo "2446"]
[BlackElo "2186"]
[EventDate "2018.08.19"]
[PlyCount "0"]

1.d4 Nf6 2.c4 g6 3.Nf3 Bg7 4.g3 O-O 5.Bg2 c6 6.O-O d5 7.cxd5 cxd5 8.Nc3 
Nc6 9.Ne5 Bf5 10.Nxc6 bxc6 11.Na4 Qc8 12.Bf4 Bh3 13.Rc1 Bxg2 14.Kxg2 Nd7 
15.Qd3 Re8 16.Rc2 e5 17.dxe5 g5 18.e6 Rxe6 19.Bxg5 Ne5 20.Qf5 Nc4 21.Nc5 
Re5 22.Qxc8+ Rxc8 23.Bf4 Re7 24.Nd3 a5 25.Rfc1 a4 26.b3 axb3 27.axb3 Na5 
28.Nc5 Bd4 29.e3 Bxc5 30.Rxc5 Nxb3 31.Rxc6 Rxc6 32.Rxc6 d4 33.Bh6 Re8 34.
Rb6 dxe3 35.Bxe3 Na5 36.Rb5 Nc6 37.Rg5+ Kh8 38.Bd2 f6 39.Bc3 Re6 40.g4 Ne7
41.Rb5 Kg8 42.f4 Rc6 43.Bb2 Rd6 44.Kf3 Nc6 45.Ke4 Re6+ 46.Kf3 Rd6 47.Rb7 
Nd4+ 48.Ke3 Nc6 49.Ke4 Nd8 50.Ra7 Rb6 51.Bd4 Rd6 52.Ba1 Nc6 53.Rb7 Nd8 54.
Ra7 Nc6 55.Ra6 Kf7 56.f5 Kg8 57.Bc3 Kf7 58.Rb6 h6 59.h4 Ke8 60.Bb2 Kf7 61.
Bc3 Ke8 62.Kf4 Kd7 63.Rb7+ Ke8 64.Rh7 Nd4 65.Bb4 Rc6 66.Re7+ Kd8 67.Re4 
Nb5 68.g5 hxg5+ 69.hxg5 fxg5+ 70.Kxg5 Rc2 71.f6 Rg2+ 72.Kh6 Rf2 73.Kg7 Kd7
74.f7 Rg2+ 75.Kh6 1-0

[Event "40th Asia-ch U20"]
[Site "Ulaanbaatar MGL"]
[Date "2018.08.20"]
[Round "2"]
[White "Tugstumur, Yesuntumur"]
[Black "Itgelt, Khuyagtsogt"]
[Result "1/2-1/2"]
[WhiteElo "2361"]
[BlackElo "2119"]
[EventDate "2018.08.19"]
[PlyCount "0"]

1.d4 f5 2.g3 Nf6 3.Bg2 g6 4.Nf3 Bg7 5.O-O O-O 6.c4 d6 7.b3 Qe8 8.Bb2 Nc6 
9.Nc3 e5 10.Nb5 e4 11.Nxc7 Qd8 12.Nxa8 exf3 13.exf3 Bd7 14.f4 Qxa8 15.Re1 
Qd8 16.Qd2 Re8 17.Rxe8+ Bxe8 18.Re1 Bf7 19.d5 Nb8 20.Qe3 b6 21.Qe7 Qxe7 
22.Rxe7 Nfd7 23.Bxg7 Kxg7 24.Kf1 Kf8 25.Re3 a5 26.Ke1 Na6 27.a3 Ndc5 28.
Bf1 Be8 29.f3 Nc7 30.Kd2 b5 31.b4 axb4 32.axb4 Na4 33.c5 Nxd5 34.Rxe8+ 
Kxe8 35.Bxb5+ Ke7 36.Bxa4 Nxb4 37.cxd6+ Kxd6 38.Kc3 Nd5+ 39.Kd4 Nf6 40.Bb3
Nd7 41.g4 fxg4 42.fxg4 h6 43.h4 Ke7 44.g5 hxg5 45.hxg5 Nf8 46.Ke5 Nd7+ 47.
Kd5 Nf8 48.Bc2 Kf7 49.Kd6 Kg7 50.Ke7 Nh7 51.Ke8 Nf8 52.Bb3 Nh7 53.Bf7 Nf8 
54.Ke7 Nh7 55.Ke8 Nf8 56.Bxg6 Nxg6 57.f5 Ne5 58.Ke7 Nf7 59.g6 Nh8 1/2-1/2

[Event "40th Asia-ch U20"]
[Site "Ulaanbaatar MGL"]
[Date "2018.08.20"]
[Round "2"]
[White "Garidmagnai, Byambasuren"]
[Black "Suleymenov, Alisher"]
[Result "1-0"]
[WhiteElo "2128"]
[BlackElo "2343"]
[EventDate "2018.08.19"]
[PlyCount "0"]

1.Nf3 Nf6 2.c4 b6 3.e3 Bb7 4.Be2 g6 5.b3 Bg7 6.Bb2 c5 7.O-O O-O 8.d4 cxd4 
9.exd4 d5 10.Nbd2 Nc6 11.Ne5 e6 12.Rc1 Rc8 13.Ndf3 Bh6 14.Ra1 Ne7 15.c5 
bxc5 16.dxc5 Bg7 17.b4 Ne4 18.Rc1 a5 19.a3 Qc7 20.Nd3 Bxb2 21.Nxb2 Nf5 22.
Na4 axb4 23.axb4 Ra8 24.b5 Qa5 25.Nb6 Rad8 26.Qa4 Qxa4 27.Nxa4 d4 28.Bd3 
Ra8 29.Nb6 Ra3 30.Ne5 Bd5 31.Nbd7 Nc3 32.Nxf8 Kxf8 33.b6 Rb3 34.c6 Ke7 35.
Bxf5 Ne2+ 36.Kh1 Nxc1 37.Bc2 Rxb6 38.c7 Bb7 39.Rxc1 Rb5 40.Be4 Bc8 41.Nc6+
Kd7 42.Na7 Rb2 43.Kg1 f5 44.Bd3 Bb7 45.Bb5+ Ke7 46.h4 e5 47.Bc6 Ba6 48.Ra1
Kd6 49.Rxa6 Kxc7 50.Nb5+ Kd8 51.Ra7 Rc2 52.Rd7+ Ke8 53.Nc7+ Kf8 54.Ne6+ 
Kg8 55.Rg7+ Kh8 56.Rf7 h6 57.Bd5 Kg8 58.Nf4 d3 59.Re7+ 1-0

[Event "40th Asia-ch U20"]
[Site "Ulaanbaatar MGL"]
[Date "2018.08.20"]
[Round "2"]
[White "Chinguun, Sumiya"]
[Black "Gan-Erdene, Sugar"]
[Result "0-1"]
[WhiteElo "2108"]
[BlackElo "2309"]
[EventDate "2018.08.19"]
[PlyCount "0"]

1.e4 c5 2.Nf3 d6 3.d4 cxd4 4.Nxd4 Nf6 5.Nc3 Nc6 6.Bg5 e6 7.Qd2 Be7 8.O-O-O
Nxd4 9.Qxd4 O-O 10.f3 a6 11.Qd2 b5 12.Bd3 b4 13.Ne2 Rb8 14.g4 a5 15.Be3 
Nd7 16.g5 Ne5 17.Nd4 Bb7 18.h4 Rc8 19.Kb1 d5 20.Qg2 Nxd3 21.Rxd3 dxe4 22.
fxe4 Qc7 23.h5 Qe5 24.Rh4 f5 25.gxf6 Bxf6 26.Rg4 Ba6 27.Rd1 Rcd8 28.Ka1 
Rd7 29.c3 bxc3 30.bxc3 Rc8 31.Rc1 Qxh5 32.Qf3 Kh8 33.Bd2 Qc5 34.e5 Qxe5 
35.Qh3 Bb7 36.Rcg1 Qc5 37.Rf4 Rxd4 38.Rxf6 Rxd2 39.Rf7 0-1

[Event "40th Asia-ch U20"]
[Site "Ulaanbaatar MGL"]
[Date "2018.08.20"]
[Round "2"]
[White "Agibileg, Uurtsaikh"]
[Black "Bulgankhan, Ganzorig"]
[Result "1-0"]
[WhiteElo "2302"]
[BlackElo "2103"]
[EventDate "2018.08.19"]
[PlyCount "0"]

1.d4 d5 2.c4 e6 3.Nc3 c5 4.cxd5 cxd4 5.Qxd4 Nc6 6.Qa4 exd5 7.Nf3 d4 8.Bg5 
Be7 9.Bxe7 Nxe7 10.O-O-O O-O 11.Nxd4 Nxd4 12.Rxd4 Qc7 13.e3 Be6 14.Bd3 a6 
15.Kb1 b5 16.Qc2 h6 17.f4 Nc6 18.Nd5 Bxd5 19.Rxd5 Rac8 20.Rc5 Qd6 21.Rd1 
Qf6 22.Bh7+ Kh8 23.Bf5 Rcd8 24.Rxd8 Nxd8 25.Rc8 g6 26.Bd7 Qd6 27.Qc3+ Kh7 
28.Qd4 Qe7 29.f5 f6 30.Rc7 Kh8 31.fxg6 Nc6 32.Rxc6 Rd8 33.Rxf6 Rxd7 34.
Rf8# 1-0

[Event "40th Asia-ch U20"]
[Site "Ulaanbaatar MGL"]
[Date "2018.08.20"]
[Round "2"]
[White "Amilal, Munkhdalai"]
[Black "Erkhes, Bayartnar"]
[Result "1/2-1/2"]
[WhiteElo "1790"]
[BlackElo "1762"]
[EventDate "2018.08.19"]
[PlyCount "0"]

1.d4 d5 2.Nf3 Nf6 3.Bf4 e6 4.e3 c5 5.c3 Nc6 6.Nbd2 Bd6 7.Bg3 b6 8.Bb5 Bb7 
9.Qa4 Rc8 10.Qxa7 O-O 11.Qa4 Qc7 12.O-O e5 13.dxe5 Nxe5 14.Nxe5 Bxe5 15.
Bxe5 Qxe5 16.Nf3 Qf5 17.Be2 Rfe8 18.Rfe1 Ne4 19.Bd3 Qg4 20.h3 Qh5 21.Bxe4 
dxe4 22.Nh2 Ra8 23.Qb3 Qg6 24.Red1 Red8 25.Rxd8+ Rxd8 26.Rd1 Rd3 27.Nf1 h6
28.Qc2 c4 29.b4 Qh5 30.Rc1 Qd5 31.a4 f5 32.Qa2 Kh7 33.a5 b5 34.a6 Ba8 35.
a7 Qc6 36.Ng3 Qd5 37.Nf1 Qc6 38.Ng3 Qd5 39.Nf1 1/2-1/2

[Event "40th Asia-ch U20"]
[Site "Ulaanbaatar MGL"]
[Date "2018.08.20"]
[Round "2"]
[White "Chinguun, Otgonbayar"]
[Black "Krishna Teja, N"]
[Result "0-1"]
[WhiteElo "1952"]
[BlackElo "2389"]
[EventDate "2018.08.19"]
[PlyCount "0"]

1.d4 Nf6 2.c4 e6 3.Nf3 b6 4.g3 Bb7 5.Bg2 g6 6.O-O Bg7 7.Nc3 d6 8.Bg5 h6 9.
Bf4 Nbd7 10.Qc1 Ne4 11.Rd1 g5 12.Be3 f5 13.h4 Nxc3 14.Qxc3 Bf6 15.hxg5 
hxg5 16.Qd2 Rh5 17.d5 e5 18.Qc2 g4 19.Nh2 Qe7 20.f3 Bg5 21.Bf2 Qh7 22.Nf1 
Nf6 23.Ne3 Bxe3 24.Bxe3 O-O-O 25.Rac1 Rg8 26.f4 Rh2 27.fxe5 Rxg2+ 28.Kxg2 
Qh3+ 29.Kf2 Ne4+ 30.Qxe4 fxe4 31.Rh1 Rf8+ 32.Bf4 Rxf4+ 33.gxf4 e3+ 0-1

[Event "40th Asia-ch U20"]
[Site "Ulaanbaatar MGL"]
[Date "2018.08.20"]
[Round "2"]
[White "Taivanbat, Chimeddorj"]
[Black "Ochirbat, Lkhagvajamts"]
[Result "1-0"]
[WhiteElo "1691"]
[BlackElo "2007"]
[EventDate "2018.08.19"]
[PlyCount "0"]

1.e4 e6 2.d4 d5 3.e5 c5 4.c3 Qb6 5.Nf3 Nc6 6.a3 Nh6 7.b4 cxd4 8.cxd4 Nf5 
9.Bb2 Bd7 10.Be2 Be7 11.O-O O-O 12.Bd3 Rac8 13.Nc3 Nh6 14.Na4 Qd8 15.Nc5 
Rc7 16.Rc1 Bxc5 17.Rxc5 b6 18.Rc1 Nb8 19.Rxc7 Qxc7 20.Qb1 g6 21.Bc1 Nf5 
22.Bxf5 exf5 23.Bh6 Rc8 24.Rc1 Qb7 25.h3 Nc6 26.Qb3 Nd8 27.Rxc8 Bxc8 28.b5
Ne6 29.Qb4 Qc7 30.g3 Qd8 31.Kg2 f4 32.g4 g5 33.Qb1 Bd7 34.a4 Qe7 35.Qf5 
Nxd4 36.Qf6 Qxf6 37.exf6 Ne2 38.Ne5 d4 39.Nxd7 d3 40.Ne5 d2 41.Nc6 f3+ 42.
Kh2 1-0

[Event "40th Asia-ch U20"]
[Site "Ulaanbaatar MGL"]
[Date "2018.08.20"]
[Round "2"]
[White "Chinguun, Bayaraa"]
[Black "Azjargal, Erdenebat"]
[Result "0-1"]
[WhiteElo "1941"]
[BlackElo "1564"]
[EventDate "2018.08.19"]
[PlyCount "0"]

1.d4 Nf6 2.c4 e6 3.Nf3 d5 4.Nc3 Be7 5.Bg5 O-O 6.e3 Ne4 7.Bxe7 Qxe7 8.Bd3 
Nxc3 9.bxc3 dxc4 10.Bxc4 c5 11.O-O b6 12.Qe2 Bb7 13.e4 Nd7 14.e5 Rac8 15.
Bd3 Rfd8 16.Be4 Nf8 17.Rfd1 Ng6 18.Qe3 Bxe4 19.Qxe4 h6 20.h4 Nf8 21.Rd2 
Rd7 22.Rad1 Rcd8 23.Rd3 c4 24.Re3 b5 25.Nd2 Rc7 26.Rb1 a6 27.Rg3 f5 28.
exf6 Qxf6 29.Rf3 Qe7 30.Nf1 Nh7 31.Re1 a5 32.Qg6 Nf8 33.Qh5 Rd5 34.Qg4 b4 
35.Ne3 Rd8 36.cxb4 axb4 37.Rg3 Qf6 38.d5 exd5 39.Nf5 c3 40.Qf4 Rf7 41.Ne7+
Qxe7 42.Rxe7 Rxe7 43.Kh2 d4 44.Qf5 Rc7 45.Qe5 Rcd7 46.Rd3 Rc8 47.Rd1 c2 
48.Rc1 d3 49.Qe3 d2 50.Qb3+ Kh8 51.Rxc2 Rxc2 52.Qxb4 Rc8 0-1

[Event "40th Asia-ch U20"]
[Site "Ulaanbaatar MGL"]
[Date "2018.08.20"]
[Round "2"]
[White "Anand, Batsukh"]
[Black "Erdemdalai, Yondonjamts"]
[Result "0-1"]
[WhiteElo "1682"]
[BlackElo "1788"]
[EventDate "2018.08.19"]
[PlyCount "0"]

1.e4 e5 2.Nf3 Nc6 3.Bb5 a6 4.Ba4 Nf6 5.O-O Be7 6.Re1 b5 7.Bb3 d6 8.c3 O-O 
9.h3 Nb8 10.d3 Nbd7 11.Nbd2 Bb7 12.Nf1 Nc5 13.Bc2 Re8 14.Ng3 Bf8 15.b4 Ne6
16.a4 c5 17.Rb1 cxb4 18.cxb4 d5 19.Nxe5 Nd4 20.Nf3 Nxc2 21.Qxc2 Rc8 22.Qb3
dxe4 23.dxe4 Nxe4 24.Nxe4 Bxe4 25.Bg5 Qd7 26.Ra1 Bc2 27.Qb2 Bxa4 28.Rxe8 
Qxe8 29.Rc1 Rxc1+ 30.Bxc1 Bd1 31.Bd2 Bxf3 32.gxf3 Qe2 33.Qc3 f6 34.Qb3+ 
Qc4 35.Qxc4+ bxc4 36.Kf1 Kf7 37.Ke2 Ke6 38.Ke3 Kd5 39.Bc3 Bd6 40.f4 Bc7 
41.f3 Bb6+ 42.Ke2 Bd4 43.Be1 Kc6 44.Kd2 Kb5 45.Kc2 f5 46.Bd2 Bf6 47.Be1 
Be7 48.Bc3 g6 49.Be5 Bxb4 50.Bd4 a5 51.Be5 a4 52.Bd4 c3 53.Be3 Kc4 54.Bc1 
a3 0-1

[Event "40th Asia-ch U20"]
[Site "Ulaanbaatar MGL"]
[Date "2018.08.20"]
[Round "2"]
[White "Khuslen, Altan-Ochir"]
[Black "Ulziikhishig, Khishigbat"]
[Result "1-0"]
[WhiteElo "1780"]
[BlackElo "1517"]
[EventDate "2018.08.19"]
[PlyCount "0"]

1.e4 c5 2.Nf3 Nc6 3.Bb5 e6 4.O-O Nf6 5.e5 Nd5 6.c4 Nde7 7.Nc3 a6 8.Bxc6 
Nxc6 9.Re1 Qc7 10.b3 Nb4 11.d4 cxd4 12.Nxd4 Bc5 13.Nf3 b6 14.Ne4 Be7 15.
Bb2 O-O 16.Nf6+ Bxf6 17.exf6 d6 18.Qd2 1-0